000 00984nam a22003017a 4500
001 BR7806512
003 BR-BrBNA
005 20230928085750.0
007 ta
008 230509b bl.||||| |||| 00| 0 por d
040 _aBR-BrBNA
_bpor
_cBiblioteca Nacional de Agricultura
041 _a(Por)
072 _aF60; H10
_b0180
_b4020
_b/G514
090 _ 0180 BR7806512
100 1 _aFagundes, A.C.
110 1 _aUniversidade Federal do Rio Grande do Sul, Porto Alegre (Brasil). Faculdade de Agronomia
_0Dissertacao (Mestrado)
245 1 _aEfeitos da reducao da area fotossintetica na producao de trigo [Triticum spp, lagarta, Rio Grande do Sul, Brasil]
260 3 _aPorto Alegre, RS (Brasil):
_c1978.
300 _a77 p.
500 _a13 tables; 15 graphs; 38 ref.; Summaries (Eng, Por)
650 _aFOTOSSINTESE
650 _aTRIGO
650 _aLAGARTA
650 _aDESFOLHA
650 _aRIO GRANDE DO SUL
909 _a202309
_bLucia
_c55
_dLucia Elande
942 _cBK
999 _c26199
_d26199